000
00204 a2200097 4500
001
9593
100
_a
Jenkins, F
245
_a
Fundamentals of Optics
260
_a
_b
Mc Graw Hill
_c
090
_c
7633
_d
7633
942
_a
NUST-CAE
_c
M
_c
34304
999
_c
244666
_d
244666